000 00271nam a22001217a 4500
082 _a530
_bARO/L
100 _aARORA, S L
245 _aLAB MANUAL OF PHYSICS
_bCLASS XI
260 _aDELHI
_bDHANPAT RAI & CO
_c2023
300 _a271
650 _aPHYSICS
_zINDIA
942 _cBK
999 _c6954
_d6954